Nacionalización sin empresas mixtas : (Registro nro. 13200)
[ vista simple ]
| 000 -CABECERA | |
|---|---|
| campo de control de longitud fija | 01262cam a2200337 a 4500 |
| 001 - NÚMERO DE CONTROL | |
| campo de control | 000013581 |
| 005 - FECHA Y HORA DE LA ÚLTIMA TRANSACCIÓN | |
| campo de control | 20200929163257.0 |
| 008 - DATOS DE LONGITUD FIJA--INFORMACIÓN GENERAL | |
| campo de control de longitud fija | 840613s1975 ve 000 0 spa |
| 040 ## - FUENTE DE LA CATALOGACIÓN | |
| Centro catalogador/agencia de origen | DO-SdBNP |
| Lengua de catalogación | spa |
| Centro/agencia transcriptor | LC |
| Centro/agencia modificador | BNPHU |
| 050 00 - SIGNATURA TOPOGRÁFICA DE LA BIBLIOTECA DEL CONGRESO | |
| Número de clasificación | HD9574.V42 |
| Número de documento/Ítem | N32 1975 |
| 082 ## - NÚMERO DE LA CLASIFICACIÓN DECIMAL DEWEY | |
| Número de clasificación | 338.2/7282/0987 |
| Número de documento/Ítem | N124 |
| 049 ## - FONDOS LOCALES (OCLC) | |
| Fondos de biblioteca | BNGR |
| 245 00 - MENCIÓN DE TÍTULO | |
| Título | Nacionalización sin empresas mixtas : |
| Resto del título | los estudiantes en el Parlamento / |
| Mención de responsabilidad, etc. | Alexis Ortiz ... [et al.]. |
| 260 ## - PUBLICACIÓN, DISTRIBUCIÓN, ETC. | |
| Lugar de publicación, distribución, etc. | [Caracas] : |
| Nombre del editor, distribuidor, etc. | FREUCV, |
| Fecha de publicación, distribución, etc. | [1975]. |
| 300 ## - DESCRIPCIÓN FÍSICA | |
| Extensión | 94 p. ; |
| Dimensiones | 21 cm. |
| 650 #0 - PUNTO DE ACCESO ADICIONAL DE MATERIA--TÉRMINO DE MATERIA | |
| Término de materia o nombre geográfico como elemento de entrada | Petroleum industry and trade |
| Subdivisión general | Government ownership |
| Subdivisión geográfica | Venezuela. |
| 9 (RLIN) | 30964 |
| 700 1# - PUNTO DE ACCESO ADICIONAL--NOMBRE DE PERSONA | |
| Nombre de persona | Ortiz, Alexis. |
| 9 (RLIN) | 30965 |
| 700 1# - PUNTO DE ACCESO ADICIONAL--NOMBRE DE PERSONA | |
| Nombre de persona | Malave Mata, Hector. |
| 9 (RLIN) | 30966 |
| 700 1# - PUNTO DE ACCESO ADICIONAL--NOMBRE DE PERSONA | |
| Nombre de persona | Armas, Celestino. |
| 9 (RLIN) | 30967 |
| 700 1# - PUNTO DE ACCESO ADICIONAL--NOMBRE DE PERSONA | |
| Nombre de persona | Pinto, Eleazar. |
| 9 (RLIN) | 30968 |
| 700 1# - PUNTO DE ACCESO ADICIONAL--NOMBRE DE PERSONA | |
| Nombre de persona | Martínez, Siuberto. |
| 9 (RLIN) | 30969 |
| 700 1# - PUNTO DE ACCESO ADICIONAL--NOMBRE DE PERSONA | |
| Nombre de persona | Fuentes Serrano, Julio. |
| 9 (RLIN) | 30970 |
| 700 1# - PUNTO DE ACCESO ADICIONAL--NOMBRE DE PERSONA | |
| Nombre de persona | Vivas, Leonardo. |
| 9 (RLIN) | 30971 |
| 700 1# - PUNTO DE ACCESO ADICIONAL--NOMBRE DE PERSONA | |
| Nombre de persona | Alesi, Baldo. |
| 9 (RLIN) | 30972 |
| 700 1# - PUNTO DE ACCESO ADICIONAL--NOMBRE DE PERSONA | |
| Nombre de persona | López, Hector Alonso. |
| 9 (RLIN) | 30973 |
| 700 1# - PUNTO DE ACCESO ADICIONAL--NOMBRE DE PERSONA | |
| Nombre de persona | Astudillo, Cosme. |
| 9 (RLIN) | 30974 |
| 700 1# - PUNTO DE ACCESO ADICIONAL--NOMBRE DE PERSONA | |
| Nombre de persona | Echeverria, Raimundo. |
| 9 (RLIN) | 30975 |
| 710 1# - PUNTO DE ACCESO ADICIONAL--NOMBRE DE ENTIDAD CORPORATIVA | |
| Nombre de entidad corporativa o nombre de jurisdicción como elemento de entrada | Venezuela. |
| Unidad subordinada | Congreso de la República. |
| -- | Camara de Diputados. |
| -- | Comision Permanente de Minas e Hidrocarburos. |
| 9 (RLIN) | 30976 |
| 710 2# - PUNTO DE ACCESO ADICIONAL--NOMBRE DE ENTIDAD CORPORATIVA | |
| Nombre de entidad corporativa o nombre de jurisdicción como elemento de entrada | FREUCV (Organization) |
| 9 (RLIN) | 30977 |
| 910 ## - DATOS DE OPCIÓN DEL USUARIO (OCLC) | |
| Datos de opción del usuario | Catalogación por copia / LC |
| Estado de retiro | Estado de pérdida | Restricciones de uso | No para préstamo | Código de colección | Localización permanente | Ubicación/localización actual | Ubicación en estantería | Fecha de adquisición | Número de inventario | Total de préstamos | Signatura topográfica completa | Código de barras | Fecha visto por última vez | Precio válido a partir de | Tipo de ítem Koha |
|---|---|---|---|---|---|---|---|---|---|---|---|---|---|---|---|
| Préstamo interno | Monografías: Libros y Folletos | General | General | En catalogación | 25.11.2009 | LF1 | 338.2/7282/0987 N124 | 13581-10 | 25.06.2020 | 25.06.2020 | Préstamo interno |
